| 000 | 01581cam a2200433 a 4500 | ||
|---|---|---|---|
| 001 | 22693 | ||
| 003 | SK-KTurca | ||
| 005 | 20260420162532.0 | ||
| 008 | 240318s2015 xo a c 000 f slo | ||
| 015 | _aSNBA2016/04 | ||
| 020 |
_a9788055614755 _q(viaz.) |
||
| 035 | _aurn:nbn:sk:snk-am00bcx6 | ||
| 035 | _aurn:nbn:sk:snk-am3h8lf | ||
| 035 | _aEDB24BD1-1650-47F1-B1D4-2D4AF6B7593B | ||
| 040 |
_aSNK _bslo _cSNK _eAACR2 |
||
| 041 | 1 |
_aslo _heng |
|
| 044 |
_axo _cSK |
||
| 072 | 7 |
_a821.111-3 _xAnglická próza, anglicky písaná _2konspekt |
|
| 072 | 7 |
_a821-93 _xLiteratúra pre deti a mládež (beletria) _2konspekt |
|
| 080 |
_a821.111-311.5 _22011 |
||
| 080 |
_a(0.05-053.2:821-93) _22011 |
||
| 100 | 1 |
_aWalliams, David, _d1971- _4aut |
|
| 240 | 1 | 0 |
_aBillionaire Boy _lSlovensky |
| 245 | 1 | 0 |
_aMalý milionár _cDavid Walliams ; ilustroval Tony Ross ; z anglického originálu Billionaire Boy ... preložila Michaela Hajduková] |
| 260 |
_aBratislava _bSlovart _c2015 |
||
| 300 |
_a286 s. _bilustr. _c20 cm |
||
| 500 | _aNa obale: Pozor! Pri čítaní tejto knihy hrozí, že pukneš od smiechu! | ||
| 521 | 1 | _aPre čitateľov od 9 rokov | |
| 655 | 7 |
_aanglické romány _2SNKPH |
|
| 655 | 7 |
_ahumoristické romány _2SNKPH |
|
| 655 | 7 |
_aliteratúra pre deti _2SNKPH |
|
| 655 | 7 |
_aEnglish fiction _2SNKPHeng |
|
| 655 | 7 |
_aHumorous novels _2SNKPHeng |
|
| 655 | 7 |
_aChildren's literature _2SNKPHeng |
|
| 700 | 1 |
_aRoss, Tony, _d1938- _4ill |
|
| 700 | 1 |
_aHajduková, Michaela _c(prekladateľka) _4trl |
|
| 942 |
_2ddc _cKLDE _n0 |
||
| 999 |
_c22693 _d22693 |
||